LEADER 00826nam0-22003131--450- 001 990008208040403321 005 20140528162714.0 035 $a000820804 035 $aFED01000820804 035 $a(Aleph)000820804FED01 035 $a000820804 100 $a20051018d1938----km-y0itay50------ba 101 0 $aita 102 $aIT 105 $ay----n--001yy 200 1 $aCompendio di contabilita di stato$fSabino Spinedi 205 $a3. ed riv. 210 $aBari$cLaterza$d1938 215 $a231 p.$d16 cm 225 1 $aManuali Laterza 676 $a343.034$v19$zita 700 1$aSpinedi,$bSabino$0332055 801 0$aIT$bUNINA$gRICA$2UNIMARC 901 $aBK 912 $a990008208040403321 952 $aVI A 162$b2555$fDDA 959 $aDDA 996 $aCompendio di contabilità di stato$9111813 997 $aUNINA LEADER 01404oam 2200421Ia 450 001 9910696659903321 005 20240105005111.0 035 $a(CKB)5470000002380262 035 $a(OCoLC)230930220 035 $a(EXLCZ)995470000002380262 100 $a20080606a20029999 ua 101 0 $aeng 120 $ab|||||||||||| 121 $a||||||||| 124 $bd 135 $aurcn||||||||| 181 $ccrd$2rdacontent 182 $cc$2rdamedia 183 $acr$2rdacarrier 200 10$aBazilevich global primary productivity$b[electronic resource] /$fmap generated by the National Geophysical Data Center 210 $a[Boulder, Colo.] $cNOAA Satellite and Information Service, National Environmental Satellite, Data, and Information Service$d[2002-] 300 $aTitle from HTML home page (viewed on June 5, 2008). 300 $aFirst appeared online May 2002. 300 $aIncludes overview map. 606 $aPhotosynthesis$vMaps 606 $aBiological productivity$vMaps 608 $aMaps.$2lcgft 615 0$aPhotosynthesis 615 0$aBiological productivity 712 02$aUnited States.$bNational Environmental Satellite, Data, and Information Service. 801 0$bGPO 801 1$bGPO 801 2$bOCLCQ 801 2$bGPO 906 $aBOOK 912 $a9910696659903321 996 $aBazilevich global primary productivity$93123724 997 $aUNINA